[Event "Porto Alegre op"]
[Site "Porto Alegre"]
[Date "2023.08.26"]
[Round "2"]
[White "Andersson, Cristian De Oliveir"]
[Black "Cavello, Douglas Junior Eich"]
[Result "1-0"]
[WhiteElo "1455"]
[BlackElo "1764"]
[PlyCount "111"]
[EventDate "2023.08.25"]
[EventType "swiss"]
[EventRounds "5"]
[EventCountry "BRA"]
[SourceTitle "EXT 2024"]
[Source "ChessBase"]
[SourceDate "2023.10.10"]
[SourceVersion "1"]
[SourceVersionDate "2023.10.10"]
[SourceQuality "1"]

1. c4 c6 2. e4 d5 3. exd5 cxd5 4. d4 Nf6 5. Nf3 Bg4 6. Qb3 b6 7. cxd5 Nxd5 8. Nc3 Bxf3 9. gxf3 e6 10. Nxd5 Qxd5 11. Qxd5 exd5 12. Bb5+ Nd7 13. Bc6 Rc8 14. Bxd5 Nf6 15. Bb3 Bd6 16. Rg1 Rg8 17. Bg5 Nd7 18. Kf1 Bb4 19. Rg4 Rh8 20. a3 Ba5 21. Re4+ Kf8 22. Be7+ Kg8 23. Bd6 Nf6 24. Re7 h6 25. Rxf7 Kh7 26. Be5 Kg6 27. Rxa7 Bd2 28. Ke2 Bc1 29. Bf7+ Kg5 30. Rc7 Bxb2 31. Rg1+ Kf5 32. Re7 Rc2+ 33. Kd3 Rc3+ 34. Kd2 g5 35. Re6 Nd7 36. Bxh8 Rxf3 37. Ke2 g4 38. Rxg4 Kxg4 39. Bh5+ Kxh5 40. Kxf3 Bxa3 41. Bg7 Bc1 42. Rd6 Nb8 43. Rxb6 Nd7 44. Rd6 Nb8 45. Ke4 Bd2 46. f4 Nd7 47. Rxd7 Bxf4 48. Kxf4 Kh4 49. Bf6+ Kh5 50. Rd5+ Kg6 51. Rf5 Kf7 52. d5 Kg6 53. d6 Kf7 54. d7 Ke6 55. d8Q h5 56. Qe7# 1-0

[Event "Porto Alegre op"]
[Site "Porto Alegre"]
[Date "2023.05.07"]
[Round "6"]
[White "Cavello, Douglas Junior Eich"]
[Black "Hernandez, Mauri Delgado"]
[Result "0-1"]
[WhiteElo "1800"]
[BlackElo "1800"]
[PlyCount "104"]
[EventDate "2023.05.05"]
[EventType "swiss"]
[EventRounds "7"]
[EventCountry "BRA"]
[SourceTitle "CBM 214 Extra"]
[Source "ChessBase"]
[SourceDate "2023.07.31"]
[SourceVersion "1"]
[SourceVersionDate "2023.07.31"]
[SourceQuality "1"]

1. e4 e5 2. Nf3 Nc6 3. Bc4 Bc5 4. c3 Nf6 5. d4 exd4 6. cxd4 Bb4+ 7. Bd2 Nxe4 8. Qe2 d5 9. Bb3 0-0 10. 0-0 Nxd2 11. Nbxd2 Re8 12. Qd3 Be6 13. a3 Bf8 14. Rfe1 Qf6 15. Bc2 g6 16. Nb3 Rad8 17. Nc5 Bc8 18. Rad1 Na5 19. b3 b6 20. Na6 Qd6 21. Nb4 Nb7 22. Qb5 Rxe1+ 23. Rxe1 a5 24. Nd3 Qd7 25. Qxd7 Bxd7 26. Nde5 Bxa3 27. Ng5 Be6 28. Nc6 Re8 29. f4 Nd6 30. h3 Bb4 31. Re5 Bd7 32. Ne7+ Kg7 33. Nxd5 Rxe5 34. fxe5 Nb5 35. Nf3 Bc6 36. Be4 Bxd5 37. Bxd5 Nxd4 38. Ng5 Bc3 39. Nxf7 c6 40. Bc4 b5 41. Nd6 bxc4 42. Nxc4 Nxb3 43. e6 Kf6 44. Kf2 Kxe6 45. Ke3 a4 46. Kf4 Bd2+ 47. Kg4 Bc1 48. h4 h5+ 49. Kf3 Nd2+ 50. Nxd2 Bxd2 51. g4 a3 52. g5 Be1 0-1

[Event "Porto Alegre op"]
[Site "Porto Alegre"]
[Date "2023.05.05"]
[Round "1"]
[White "Oliveira, Danyel Angelo Aquin"]
[Black "Cavello, Douglas Junior Eich"]
[Result "1-0"]
[WhiteElo "1956"]
[BlackElo "1800"]
[PlyCount "129"]
[EventDate "2023.05.05"]
[EventType "swiss"]
[EventRounds "7"]
[EventCountry "BRA"]
[SourceTitle "CBM 214 Extra"]
[Source "ChessBase"]
[SourceDate "2023.07.31"]
[SourceVersion "1"]
[SourceVersionDate "2023.07.31"]
[SourceQuality "1"]

1. e4 c6 2. d4 d5 3. e5 c5 4. c3 Nc6 5. Nf3 Bg4 6. Be2 e6 7. Nbd2 Nge7 8. h3 Bxf3 9. Nxf3 Nf5 10. g4 Nh4 11. Nxh4 Qxh4 12. Bf4 Qd8 13. Be3 Be7 14. a3 Qb6 15. b4 c4 16. a4 a6 17. f4 Bh4+ 18. Kf1 Kd7 19. Qd2 f6 20. Rd1 Qc7 21. Kg2 Rhf8 22. Rhf1 Rf7 23. Rf3 Raf8 24. a5 h6 25. Bxc4 fxe5 26. dxe5 Nxe5 27. Bxd5 Nxf3 28. Bxf3+ Ke8 29. Bb6 Qd7 30. Qxd7+ Rxd7 31. Rxd7 Kxd7 32. Bxb7 Rxf4 33. Bxa6 Be1 34. Bb7 Bxc3 35. a6 Bxb4 36. a7 Rf8 37. a8Q Rxa8 38. Bxa8 e5 39. Be4 Kd6 40. Kf3 Bd2 41. Be3 Bc3 42. Bg6 Ke6 43. Ke4 Bb2 44. h4 Bc3 45. h5 Bb2 46. Bc5 Bc3 47. Bf8 Kf6 48. Bd6 Ke6 49. Bb8 Bb2 50. Bf5+ Kf6 51. Bc7 Bc3 52. Bd8+ Kf7 53. Kd5 Bb2 54. Bg6+ Kf8 55. Ke6 Kg8 56. Bc7 Bc3 57. Bxe5 Bxe5 58. Kxe5 Kf8 59. Kd6 Kg8 60. Ke7 Kh8 61. Bf7 Kh7 62. Kf8 Kh8 63. Bg8 g5 64. hxg6 h5 65. g7# 1-0